| 000 | 00818nam a2200253 c 4500 | ||
|---|---|---|---|
| 003 | BLK | ||
| 005 | 20180420223008.0 | ||
| 008 | 180408b bul|||||r ||||||| ||bul|| | ||
| 010 | _aKNG00064868000 | ||
| 040 | _aBLK | ||
| 041 |
_aRUS _cRUS |
||
| 080 |
_aВъздухоплаване. Авиация _b629.73 _x.001.57 _z629.73.001.57 |
||
| 100 | 1 |
_aТарадеев, Борис В. _eпърви автор _9127703 |
|
| 139 |
_aТарадеев, Борис В. _bТ 34 Б |
||
| 245 | 1 | 0 |
_aЛетающие модели-копии _cБорис В. Тарадеев. |
| 260 |
_аМосква _bДОСААФ _c1983 |
||
| 300 |
_a159 с. _c21 см |
||
| 380 | _a62 | ||
| 852 | _aЦб 121408 | ||
| 856 | 4 |
_qpdf _u |
|
| 856 | 4 |
_qpdf _u |
|
| 942 |
_cKNG _n0 |
||
| 944 |
_aCR _c13.06.2004 _kЧиталня |
||
| 944 |
_aED _c26.11.2015 _kНора_Радева |
||
| 999 |
_c60690 _d60690 |
||